Cd̤igo de procedimientos penales de Jalisco Comentado y concordado /

Detalles Bibliográficos
Autor principal: Sandoval Delgado, Emiliano
Formato: Desconocido
Lenguaje:español
Publicado: Mx̌ico : Jurd̕ica de las Americas , 2009
Materias:
Acceso en línea:Acceso restringido

MARC

LEADER 00000ny a22000003n 4500
005 20110623125157.0
008 100323s mx 000 0 spa d
020 |a 9786077877134 
035 |a 4729 
040 |a BUS  |d vLex 
090 |c 1060  |d 1060 
100 1 |a Sandoval Delgado, Emiliano 
245 1 0 |a Cd̤igo de procedimientos penales de Jalisco  |h [Recurso electrn̤ico]  |b Comentado y concordado /  |c Emiliano Sandoval Delgado 
256 |a Servicio en ln̕ea 
260 |a Mx̌ico :  |b Jurd̕ica de las Americas ,  |c 2009 
300 |a v. 
506 1 |a Contenido solo disponible en los productos indicados  |d vLex Global  |d vLex Global (Academic Edition, excluding Law Schools)  |d vLex Global (U.S. Academic Edition, Law Schools)  |d vLex Global (U.S. Academic Edition, excluding Law Schools)  |d vLex Global (Academic Edition, Law Schools) 
650 0 4 |a Derecho penal  |z Mx̌ico  |z Jalisco 
740 0 |a vLex Libros (Servicios en ln̕ea) 
856 4 0 |u http://vlex.com/source/4729  |z Acceso restringido 
942 |c BOOK